000
00292nam a22001337a 4500
008
181030b xxu||||| |||| 00| 0 eng d
020
_a
9780521498890
041
_a
eng
080
_a
101
100
_a
24
101
_a
FIL
245
_a
The Mask of Englightment
_c
Rosen, S
942
_2
udc
_c
BK
999
_c
51122
_d
51122